Science Quiz

Random Science or Math Quiz

Minute Math: Highest Common Factor Quiz Stats

 Plays Quiz Updated Oct 21, 2014

Also try: Factor Frenzy
Challenge
Share
Tweet
Embed
Score 0/20 Timer 01:00
0 Plays Today
Numbers GCD / HCF % Correct
7, 147
98.5%
1, 3, 91
98.5%
12, 16, 324
96.3%
4, 6, 122
96%
5, 505
95%
9, 423
94.2%
24, 3612
90.3%
8, 20, 102
89.9%
6, 9, 153
84.6%
3, 17, 511
84.6%
Numbers GCD / HCF % Correct
15, 20, 305
82.7%
2, 5, 101
80%
3, 12, 723
72.9%
121, 132, 14311
72.7%
4, 1004
70.3%
100, 50, 50050
64.5%
13, 6513
58.8%
2, 62
43.4%
34, 15317
38.2%
76, 9519
18.8%

You're not logged in!

Compare scores with friends on all Sporcle quizzes.
Join for Free
OR
Log In

You Might Also Like...

Show Comments

Extras

Top Quizzes Today


Score Distribution

Your Account Isn't Verified!

In order to create a playlist on Sporcle, you need to verify the email address you used during registration. Go to your Sporcle Settings to finish the process.

Report this User

Report this user for behavior that violates our Community Guidelines.

Details: